000 00339nam a2200133 i 4500
001 bg
100 1 _aŁYSKANOWSKI, J.
245 0 _aProgramowany elektronicznie sprzęt powszechnego użytku /
_cJ. Łyskanowski.
260 _aWarszawa,
_c1986.
040 _cBPK
041 _apol
942 _cKS
008 s pl f |000 0 pol
999 _c3099
_d3099
856 _uhttp://koha.tu.koszalin.pl/cgi-bin/koha/opac-detail.pl?biblionumber=3099
_yKatalog online BPK